Top 50 Baby Girl Names Beginning with K - Statistics

General Stats
  • This quiz has been taken 270 times
  • The average score is 25 of 50
Answer Stats
Hint Answer % Correct
5 Katherine
87%
33 Kathryn
87%
44 Kimber
86%
20 Kate
84%
8 Kimberly
84%
26 Katie
81%
32 Kylee
79%
4 Kylie
79%
50 Kelly
75%
25 Keira
72%
18 Kira
72%
42 Kyra
72%
10 Kayla
71%
3 Kaylee
64%
22 Kayleigh
64%
6 Khloe
64%
15 Kendall
62%
27 Kaitlyn
61%
43 Katelyn
61%
40 Kara
60%
11 Kali
55%
34 Kendra
54%
28 Kyla
54%
30 Kennedi
51%
2 Kennedy
51%
29 Kora
49%
31 Kelsey
46%
13 Kaia
45%
17 Kenzie
42%
24 Kamryn
40%
14 Kiara
40%
41 Karla
38%
9 Kamila
37%
37 Karina
37%
46 Kenna
37%
23 Kensley
34%
48 Kinslee
34%
1 Kinsley
34%
39 Kassidy
31%
21 Kinley
23%
12 Kailani
22%
19 Kalani
22%
16 Kaylani
22%
7 Kehlani
22%
35 Katalina
17%
36 Kaliyah
16%
38 Karsyn
15%
47 Kaydence
7%
49 Khaleesi
5%
45 Kamiyah
4%
No matching quizzes found
Score Distribution
Percent of People with Each Score
Percentile by Number Answered
Your Score History
You have not taken this quiz